ARRUPE JESUIT UNIVERSITY

CORONAVIRUS -STOP THE SPREAD - CLEAN,DISINFECT,COVER

The Book of Acts : (Record no. 121962)

MARC details
000 -LEADER
fixed length control field 01126cam a22002894a 4500
001 - CONTROL NUMBER
control field 13625085
003 - CONTROL NUMBER IDENTIFIER
control field ARRUPE
005 - DATE AND TIME OF LATEST TRANSACTION
control field 20150304111720.0
008 - FIXED-LENGTH DATA ELEMENTS--GENERAL INFORMATION
fixed length control field 040616s2004 mnu b 001 0 eng
010 ## - LIBRARY OF CONGRESS CONTROL NUMBER
LC control number 2004014292
020 ## - INTERNATIONAL STANDARD BOOK NUMBER
International Standard Book Number 0800636449 (pbk : alk. paper)
020 ## - INTERNATIONAL STANDARD BOOK NUMBER
International Standard Book Number 0800660900 (hc : alk. paper)
040 ## - CATALOGING SOURCE
Original cataloging agency DLC
Transcribing agency DLC
Modifying agency DLC
042 ## - AUTHENTICATION CODE
Authentication code pcc
050 00 - LIBRARY OF CONGRESS CALL NUMBER
Classification number BS2625.52
Item number .D53 2004
300 ## - PHYSICAL DESCRIPTION
Dimensions 24 cm.
100 1# - MAIN ENTRY--PERSONAL NAME
Personal name Dibelius, Martin,
Dates associated with a name 1883-1947.
9 (RLIN) 14847
245 14 - TITLE STATEMENT
Title The Book of Acts :
Remainder of title form, style, and theology /
Statement of responsibility, etc Martin Dibelius ; edited by K. C. Hanson.
260 ## - PUBLICATION, DISTRIBUTION, ETC. (IMPRINT)
Place of publication, distribution, etc Minneapolis :
Name of publisher, distributor, etc Fortress Press,
Date of publication, distribution, etc c2004.
300 ## - PHYSICAL DESCRIPTION
Extent xix, 228 p. ;
440 #0 - SERIES STATEMENT/ADDED ENTRY--TITLE
Title Fortress classics in biblical studies
9 (RLIN) 14848
504 ## - BIBLIOGRAPHY, ETC. NOTE
Bibliography, etc Includes bibliographical references (p. 204-214) and indexes.
630 00 - SUBJECT ADDED ENTRY--UNIFORM TITLE
Uniform title Bible.
Name of part/section of a work Acts
General subdivision Criticism, interpretation, etc.
9 (RLIN) 14849
700 1# - ADDED ENTRY--PERSONAL NAME
Personal name Hanson, K. C.
Fuller form of name (Kenneth C.)
9 (RLIN) 14850
906 ## - LOCAL DATA ELEMENT F, LDF (RLIN)
a 7
b cbc
c orignew
d 1
e ecip
f 20
g y-gencatlg
942 ## - ADDED ENTRY ELEMENTS (KOHA)
Source of classification or shelving scheme Library of Congress Classification
Koha item type Monograph ( Printed materials)
Koha issues (borrowed), all copies 1
Holdings
Withdrawn status Lost status Source of classification or shelving scheme Damaged status Not for loan Home library Current library Date acquired Total Checkouts Full call number Barcode Date last seen Date checked out Price effective from Koha item type
    Library of Congress Classification     ARRUPE LIBRARY ARRUPE LIBRARY 05/02/2015 1 BS2625.52 .D53 2004 46500003139 01/08/2016 20/02/2015 05/02/2015 Monograph ( Printed materials)

 

Arrupe Library. PO Box MP320 Mt Pleasant, Harare, Zimbabwe
263 242 745411|librarian@aju.ac.zw